Statistics for Word Scramble - All Blacks Players

Click here to take the quiz!

General Stats

  • This quiz has been taken 17 times
  • The average score is 15 of 18

Answer Stats

HintAnswer% Correct
ranoa mitshAaron Smith
100%
attm ifefduMatt Duffie
100%
dirae eavsaArdie Savea
89%
duneabe trrabetBeauden Barrett
89%
maniad kimzenceDamian McKenzie
89%
edan losceDane Coles
89%
indael rectarDaniel Carter
89%
moreje koainJerome Kaino
89%
aa'm ounnMa'a Nonu
89%
yosnn ibll silwialmSonny Bill Williams
89%
JT nearpareTJ Perenara
89%
oedic rayltoCodie Taylor
78%
oje kockooroJoe Rokocoko
78%
vekne umaelauKeven Mealamu
78%
liahcer umnifauaCharlie Faumuina
67%
reinka aderKieran Read
67%
kelu lecritmasLuke McAlister
67%
oreik aenioRieko Ioane
56%

Score Distribution

Percentile by Number Answered

Percent of People with Each Score

Your Score History

You have not taken this quiz